000
00333nam a2200145Ia 4500
008
191201s2007 xx 000 0 und d
082
_a
621.38215
_b
MII
100
_a
MILLMAN, jacob
245
0
_a
Integrated Electronics
250
_a
39th
260
_a
N.Delhi
_b
TMH
_c
2007
300
_a
910
650
_a
B.Tech(ECE)
942
_2
ddc
_c
BK
999
_c
835
_d
835